000
00311nam a2200121 a 4500
008
110518s1994|||| d
245
1
0
_a
Astronomie v díle Jana Amosa Komenského
100
1
_a
Rajchl, Rostislav
020
_c
10
260
_c
1994
_a
Uherský Brod
_b
Mestký úrad
044
_a
CZ
041
_a
cze
999
_c
18164
_d
18164